Nghệ thuật chơi chữ trong văn chương người Việt

Tập sách hệ thống hóa các phương tiện, cách thức chơi chữ vốn có trong văn chương người Việt, chỉ ra hiệu quả thẩm mĩ của mỗi cách; đồng thời phân tích, lí giải các ngữ liệu (từ tác phẩm văn học), để minh họa cho hệ thống trên, và...

全面介绍

Đã lưu trong:
书目详细资料
主要作者: Triều, Nguyên
格式: 图书
语言:Undetermined
出版: Huế Thuận Hóa 2008
主题:
标签: 添加标签
没有标签, 成为第一个标记此记录!
Thư viện lưu trữ: Trung tâm Học liệu Trường Đại học Cần Thơ
LEADER 01253nam a2200205Ia 4500
001 CTU_135808
008 210402s9999 xx 000 0 und d
020 |c 41500 
082 |a 808.0495922 
082 |b Ng527/T.4 
100 |a Triều, Nguyên 
245 0 |a Nghệ thuật chơi chữ trong văn chương người Việt 
260 |a Huế 
260 |b Thuận Hóa 
260 |c 2008 
520 |a Tập sách hệ thống hóa các phương tiện, cách thức chơi chữ vốn có trong văn chương người Việt, chỉ ra hiệu quả thẩm mĩ của mỗi cách; đồng thời phân tích, lí giải các ngữ liệu (từ tác phẩm văn học), để minh họa cho hệ thống trên, và giúp người đọc thưởng thức các sáng tác chơi chữ cụ thể. Đây là công trình vừa có tính chất lí thuyết vừa mang tính ứng dụng, thuộc loại nghiên cứu văn học dưới góc nhìn ngôn ngữ học. 
650 |a Vietnamese language,Tu từ học 
650 |x Rhetorics 
904 |i Giang 
980 |a Trung tâm Học liệu Trường Đại học Cần Thơ